000 00208 a2200109 4500
020 _a9788499511702
041 _aspa
100 _aDisney, Walt
245 _aLa Bella y la Bestia
942 _cBK
952 _74
999 _c20702
_d20702